[Event "12th American Continental"]
[Site "Medellin COL"]
[Date "2017.06.13"]
[Round "6.71"]
[White "Otalora,C"]
[Black "Pachon,A"]
[Result "1-0"]
[WhiteElo "2175"]
[BlackElo "2006"]

1.d4 d5 2.c4 e6 3.Nf3 f5 4.g3 Nf6 5.Bg2 c6 6.O-O Bd6 7.Nbd2 Nbd7 8.b3 O-O
9.Bb2 Ne4 10.Ne5 Nxe5 11.dxe5 Bc5 12.e3 b6 13.Nf3 Be7 14.Qe2 c5 15.Rfd1 Bb7
16.h4 Qe8 17.Nh2 g5 18.hxg5 Bxg5 19.Nf1 Bh6 20.f3 Ng5 21.Nd2 Qh5 22.Kf2 Qg6
23.Rh1 Rad8 24.Rh4 Bg7 25.f4 Ne4+ 26.Nxe4 fxe4 27.Rd1 Rd7 28.Rg4 Qf7 29.cxd5
Bxd5 30.Rh4 a5 31.Bc3 Bc6 32.Rhh1 Rfd8 33.Rxd7 Qxd7 34.Qc2 Qd5 35.Rc1 a4
36.Bf1 axb3 {#r} 1-0

[Event "12th American Continental"]
[Site "Medellin COL"]
[Date "2017.06.14"]
[Round "7.8"]
[White "Cordova,E"]
[Black "Leiva,G"]
[Result "1-0"]
[WhiteElo "2651"]
[BlackElo "2449"]

1.Nf3 Nf6 2.c4 b6 3.d4 e6 4.g3 Bb4+ 5.Bd2 Be7 6.Bg2 c6 7.Qc2 d5 8.O-O O-O
9.Rd1 Nbd7 10.b3 Ba6 11.a4 Rc8 12.Na3 Ne4 13.Be1 Bd6 14.b4 Qe7 15.c5 Bb8
16.Qb2 f5 17.Rdc1 Qf6 18.b5 Bb7 19.cxb6 axb6 20.bxc6 Bxc6 21.Nb5 f4 22.Rc2
fxg3 23.hxg3 g5 24.Rac1 Bb7 25.Rxc8 Bxc8 26.Bb4 g4 27.Bxf8 Qxf8 28.Qa3 gxf3
29.Qxf8+ Nxf8 30.exf3 {#r} 1-0

[Event "12th American Continental"]
[Site "Medellin COL"]
[Date "2017.06.14"]
[Round "7.9"]
[White "Rios,Cr"]
[Black "Ortiz Suarez,I"]
[Result "0-1"]
[WhiteElo "2499"]
[BlackElo "2570"]

1.d4 d5 2.c4 c6 3.Nc3 Nf6 4.Nf3 e6 5.Bg5 dxc4 6.e4 b5 7.e5 h6 8.Bh4 g5 9.Bg3
Nd5 10.Nd2 Bb7 11.h4 g4 12.Qxg4 Nd7 13.h5 Qa5 14.Nxd5 cxd5 15.Qd1 Qb6 16.Rh4
Be7 17.Rg4 O-O-O 18.a4 Rhg8 19.a5 Qc7 20.Rxg8 Rxg8 21.Qf3 f5 22.Bf4 Bg5
23.Bxg5 Rxg5 24.Qa3 Kd8 25.f4 Rg8 26.a6 Bc6 27.Nf3 Nb8 28.Nh4 Be8 29.Be2 Nc6
30.Qc5 Qe7 31.Qxe7+ Kxe7 32.Rd1 b4 33.Kf2 b3 34.g4 fxg4 35.f5 Bxh5 36.f6+ Kd7
37.Ke3 Bf7 38.Ng2 h5 {#R} 0-1

[Event "12th American Continental"]
[Site "Medellin COL"]
[Date "2017.06.14"]
[Round "7.11"]
[White "Arenas,D"]
[Black "Flores,Di"]
[Result "0-1"]
[WhiteElo "2488"]
[BlackElo "2567"]

1.e4 d6 2.d4 Nf6 3.Nc3 c6 4.f4 Qa5 5.e5 Ne4 6.Bd3 Nxc3 7.Qd2 c5 8.bxc3 dxe5
9.dxe5 e6 10.Ne2 Nd7 11.O-O Be7 12.Kh1 Qc7 13.c4 b6 14.Nc3 Bb7 15.a4 O-O
16.Qe3 Rfd8 17.Qh3 Nf8 18.Bb2 Ng6 19.Rae1 Nh4 20.Re2 Rd7 21.f5 Rxd3 22.cxd3
Nxf5 23.Nd5 Qd8 24.Rxf5 exf5 25.e6 Bxd5 26.Qg3 f6 27.cxd5 Qxd5 28.Re1 Bd6
29.Qh4 Re8 30.Bxf6 Rxe6 31.Bc3 Rxe1+ 32.Qxe1 Kf7 33.Qe2 g6 34.Kg1 Qb3 35.Bb2
Qxa4 36.Qf3 Qb3 37.Bc1 Be7 38.h3 a5 39.Bf4 a4 40.Qa8 Qxd3 41.Kh2 Qd4 42.Qb8 a3
43.Be5 Qd8 44.Qa7 Ke6 {#R} 0-1

[Event "12th American Continental"]
[Site "Medellin COL"]
[Date "2017.06.14"]
[Round "7.12"]
[White "Cruz,Cr"]
[Black "Panesso Rivera,H"]
[Result "1-0"]
[WhiteElo "2558"]
[BlackElo "2421"]

1.d4 Nf6 2.c4 g6 3.Nc3 Bg7 4.e4 d6 5.Be2 O-O 6.Be3 c5 7.Nf3 Ng4 8.Bc1 cxd4
9.Nxd4 Qb6 10.Bxg4 Qxd4 11.Qxd4 Bxd4 12.Nb5 Bxg4 13.Nxd4 Nc6 14.Nc2 Be6 15.b3
f5 16.exf5 Bxf5 17.Ne3 Nd4 18.Kd2 Be4 19.f3 Bc6 20.Re1 e5 21.Bb2 Ne6 22.Rad1
Rad8 23.Kc1 Rd7 24.Rd2 h5 25.Red1 Rfd8 26.Nd5 Kf7 27.Ba3 Nd4 28.Nb4 Nf5 29.Nd3
b6 30.Bxd6 Ra8 {#r} 1-0

[Event "12th American Continental"]
[Site "Medellin COL"]
[Date "2017.06.14"]
[Round "7.15"]
[White "Ramirez,Alej"]
[Black "Duran Vega,S"]
[Result "1-0"]
[WhiteElo "2552"]
[BlackElo "2408"]

1.Nf3 d5 2.b3 e6 3.c4 d4 4.e3 Nc6 5.g3 e5 6.Bg2 dxe3 7.dxe3 Qxd1+ 8.Kxd1 Bf5
9.Bb2 O-O-O+ 10.Kc1 Nb4 11.Nxe5 f6 12.a3 Na6 13.Nf7 Nc5 14.Bd4 Nxb3+ 15.Kb2
Rd7 16.Nxh8 Nxa1 17.Kxa1 Nh6 18.h3 Be6 19.g4 Bd6 20.Be4 f5 21.Bc2 fxg4 22.c5
Bf8 23.hxg4 Bxg4 24.Bxh7 Nf5 25.Ng6 {#r} 1-0

[Event "12th American Continental"]
[Site "Medellin COL"]
[Date "2017.06.14"]
[Round "7.16"]
[White "Prasca Sosa,R"]
[Black "Erenburg,S"]
[Result "0-1"]
[WhiteElo "2400"]
[BlackElo "2550"]

1.e4 c6 2.d4 d5 3.Nc3 dxe4 4.Nxe4 Bf5 5.Ng3 Bg6 6.h4 h6 7.N1e2 Nf6 8.Nf4 Bh7
9.Bc4 e6 10.c3 Bd6 11.Ngh5 O-O 12.Be3 Nbd7 13.Nxf6+ Nxf6 14.Nh5 Be4 15.Bd3 Bf5
16.Nxf6+ Qxf6 17.Qc2 a5 18.O-O-O a4 19.Bxf5 exf5 20.Rh3 f4 21.Bd2 Rfe8 22.Qd3
Re7 23.Kb1 Rae8 24.g4 fxg3 25.fxg3 Qe6 26.Rhh1 Qg4 27.c4 Qxg3 28.Qc2 Re2
29.Qxa4 Qd3+ 30.Qc2 Qxd4 31.Qc1 Be5 32.Ka1 Qe4 33.Rhg1 Kh7 34.Bc3 Rc2 35.Qb1
Bxc3 {#R} 0-1

[Event "12th American Continental"]
[Site "Medellin COL"]
[Date "2017.06.14"]
[Round "7.17"]
[White "Zapata,Alo"]
[Black "Mekhitarian,K"]
[Result "1-0"]
[WhiteElo "2420"]
[BlackElo "2542"]

1.e4 c5 2.Nf3 d6 3.d4 cxd4 4.Nxd4 Nf6 5.Nc3 Nc6 6.Bc4 e6 7.Bb3 Be7 8.Be3 Bd7
9.Qe2 a6 10.O-O-O Na5 11.g4 g6 12.g5 Nh5 13.f4 O-O 14.Kb1 b5 15.e5 dxe5
16.fxe5 Nxb3 17.axb3 Qc7 18.Bc1 Rfd8 19.Nf5 gxf5 20.Qxh5 Qxe5 21.Rhe1 Qg7
22.Nd5 exd5 23.Rxe7 Be6 24.Bf4 d4 25.Qe2 Rd5 26.h4 Rad8 27.Rd3 Qf8 28.Rc7 R5d7
29.Rxd7 Rxd7 30.h5 Qa8 31.Qe5 Rd5 32.Qe1 Rd8 33.g6 Qe4 34.Qh4 Rc8 35.gxh7+
Kxh7 36.Qg5 Qe1+ 37.Bc1 Qf2 38.Ka2 Rxc2 39.h6 Qg2 40.Rg3 Bxb3+ 41.Kxb3 Rxb2+
42.Bxb2 Qd5+ 43.Kc2 Qe4+ 44.Kd2 Qe3+ {#r} 1-0

[Event "12th American Continental"]
[Site "Medellin COL"]
[Date "2017.06.14"]
[Round "7.23"]
[White "Hungaski,R"]
[Black "Cortes Orihuela,Javier"]
[Result "1-0"]
[WhiteElo "2492"]
[BlackElo "2235"]

1.Nf3 Nf6 2.c4 g6 3.Nc3 d5 4.cxd5 Nxd5 5.Qb3 Nb6 6.d4 Bg7 7.Bf4 O-O 8.e3 Be6
9.Qa3 c6 10.Be2 N8d7 11.O-O Bg4 12.Rfd1 Qe8 13.h3 Bxf3 14.Bxf3 e5 15.Bh2 exd4
16.exd4 Nf6 17.Re1 Qd8 18.Rad1 Nfd5 19.Ne4 Re8 20.Qb3 Bf8 21.Nc5 Re7 22.Kf1
Rxe1+ 23.Rxe1 Qc8 24.Bg4 f5 25.Bf3 Kh8 26.a4 a5 27.Ne6 Bb4 28.Re2 h6 29.g4 Qe8
30.gxf5 gxf5 31.Qc2 Qf7 32.Be5+ Kg8 33.Ng7 Ne7 34.d5 Nbxd5 35.Bh5 Qf8 36.Ne6
Qc8 37.Qd3 Kh7 38.Bf7 Qd7 39.Qf3 Rg8 40.Nf8+ {#r} 1-0

[Event "12th American Continental"]
[Site "Medellin COL"]
[Date "2017.06.14"]
[Round "7.26"]
[White "Herrera,Jua"]
[Black "Panjwani,R"]
[Result "1-0"]
[WhiteElo "2220"]
[BlackElo "2404"]

1.d4 d5 2.c4 e6 3.Nc3 Nf6 4.cxd5 exd5 5.Bg5 Be7 6.e3 c6 7.Qc2 Nbd7 8.Bd3 Nf8
9.Nge2 Ne6 10.Bh4 g6 11.O-O O-O 12.f3 b6 13.Rad1 Bb7 14.Bf2 Qc7 15.Kh1 c5
16.dxc5 bxc5 17.Qa4 a6 18.Rc1 Bc6 19.Qd1 Qb7 20.b3 d4 21.exd4 Bxf3 22.d5 Bxd5
23.Nxd5 Qxd5 24.Qc2 Ng4 25.Bg1 Qg5 26.Rce1 Bd6 27.g3 Rad8 28.Nc3 Nd4 29.Qg2 f5
30.Bxa6 Kh8 31.Nb5 Be5 32.Nc3 Nc2 33.Qxc2 Rd2 34.Ne4 fxe4 35.Rxf8+ Kg7 36.Qxc5
Nxh2 37.Rf2 Nf3 38.Rxd2 Qxg3 39.Ree2 Nxd2 40.Qe7+ Kg8 41.Qd8+ Kg7 42.Qd7+ Kg8
43.Qxd2 {#r} 1-0

[Event "12th American Continental"]
[Site "Medellin COL"]
[Date "2017.06.14"]
[Round "7.33"]
[White "Aranha Filho,A"]
[Black "Avila Pavas,Santiago"]
[Result "0-1"]
[WhiteElo "2355"]
[BlackElo "2056"]

1.c4 Nf6 2.Nc3 d6 3.d4 g6 4.Nf3 Bg7 5.g3 O-O 6.Bg2 c6 7.O-O Qa5 8.e4 Bg4 9.h3
Bxf3 10.Bxf3 Nbd7 11.Be3 e5 12.d5 cxd5 13.cxd5 Rfc8 14.Qa4 Qxa4 15.Nxa4 b5
16.Nc3 a6 17.a4 b4 18.Na2 a5 19.Rfc1 Nc5 20.Bxc5 dxc5 21.b3 Ne8 22.Be2 Nd6
23.Bd3 f5 24.Re1 fxe4 25.Bxe4 c4 26.bxc4 b3 27.Rac1 bxa2 28.c5 Nxe4 {#R} 0-1

[Event "12th American Continental"]
[Site "Medellin COL"]
[Date "2017.06.14"]
[Round "7.35"]
[White "Henao,Bernardo Andres"]
[Black "Echavarria,J"]
[Result "0-1"]
[WhiteElo "2059"]
[BlackElo "2309"]

1.d4 d5 2.Nf3 Nf6 3.Bf4 c5 4.e3 cxd4 5.exd4 Nc6 6.Bd3 Bg4 7.c3 e6 8.Nbd2 Bd6
9.Bg3 Qc7 10.O-O O-O 11.Re1 Rfc8 12.Qa4 Bxg3 13.hxg3 a6 14.Ne5 b5 15.Qb3 Bh5
16.Nxc6 Qxc6 17.a4 Rab8 18.axb5 axb5 19.Qb4 Bg6 20.Bf1 Ne8 21.Nb3 Nc7 22.Ra7
Na6 23.Qa5 Rb6 24.Ra1 Nc7 25.Nc5 Rbb8 26.Qb4 Rb6 27.R1a5 h6 28.Qa3 b4 29.cxb4
Rcb8 30.Rxc7 Qxc7 31.Na6 Rxa6 32.Rxa6 Qc1 33.Ra8 Rxa8 34.Qxa8+ Kh7 35.Qa3 e5
36.Qe3 Qd1 37.Qxe5 Bd3 38.Qxd5 Qxf1+ 39.Kh2 Qxf2 40.b3 f5 {#R} 0-1

[Event "12th American Continental"]
[Site "Medellin COL"]
[Date "2017.06.14"]
[Round "7.36"]
[White "Kaidanov,G"]
[Black "Cifuentes,J"]
[Result "1-0"]
[WhiteElo "2550"]
[BlackElo "2266"]

1.Nf3 Nf6 2.c4 e6 3.g3 d5 4.b3 Be7 5.Bg2 c5 6.O-O O-O 7.e3 Nc6 8.Bb2 b6 9.Nc3
Ba6 10.d3 Rb8 11.Qe2 Qc8 12.Rac1 Rd8 13.Rfd1 Ne8 {#r} 1-0

[Event "12th American Continental"]
[Site "Medellin COL"]
[Date "2017.06.14"]
[Round "7.37"]
[White "Molina,Rob"]
[Black "Garavito,M"]
[Result "1-0"]
[WhiteElo "2464"]
[BlackElo "2247"]

1.d4 Nf6 2.c4 e6 3.Nc3 Bb4 4.Qc2 c5 5.dxc5 Nc6 6.Nf3 Qa5 7.Bd2 Qxc5 8.e3 d5
9.a3 Bxc3 10.Qxc3 dxc4 11.b4 Qh5 12.Qxc4 O-O 13.Be2 e5 14.b5 Be6 15.Qc3 Ne4
16.Qb2 Ne7 17.Bb4 Rfe8 18.Bxe7 Rxe7 19.Qb4 {#r} 1-0

[Event "12th American Continental"]
[Site "Medellin COL"]
[Date "2017.06.14"]
[Round "7.38"]
[White "Estrada Nieto,J"]
[Black "Martinez Romero,M"]
[Result "0-1"]
[WhiteElo "2263"]
[BlackElo "2427"]

1.e4 c5 2.Nf3 Nc6 3.Bb5 g6 4.Bxc6 bxc6 5.O-O Bg7 6.Re1 Nh6 7.c3 O-O 8.d4 cxd4
9.cxd4 d5 10.e5 f6 11.h3 fxe5 12.Nxe5 Qb6 13.b3 c5 14.Bb2 Nf5 15.dxc5 Qxc5
16.Nd3 Qd6 17.Bxg7 Kxg7 18.Nc3 Bb7 19.Rc1 Rac8 20.Qd2 Rfe8 21.Nb5 Qb6 22.Rxc8
Rxc8 23.Nc3 Qf6 24.Na4 Qd4 25.Qd1 Re8 26.Nac5 Bc8 27.Ne6+ Bxe6 28.Rxe6 Kf7
29.Qe2 Ng3 30.Qe3 Qxe3 31.Rxe3 Nf5 32.Re1 Rc8 33.Ne5+ Ke8 34.Rd1 e6 35.Rd2
Rc1+ 36.Kh2 Ke7 37.g4 Nd6 {#R} 0-1

[Event "12th American Continental"]
[Site "Medellin COL"]
[Date "2017.06.14"]
[Round "7.41"]
[White "Fernandez,Li"]
[Black "Otalora,C"]
[Result "1-0"]
[WhiteElo "2402"]
[BlackElo "2175"]

1.d4 d5 2.c4 c6 3.Nf3 Nf6 4.e3 e6 5.Bd3 Nbd7 6.O-O Bd6 7.Nc3 e5 8.cxd5 cxd5
9.e4 exd4 10.Nxd4 dxe4 11.Nf5 O-O 12.Nxe4 Be5 13.Bg5 Nb6 14.Qf3 Nbd5 15.Rfd1
Qb6 16.Re1 Be6 17.h3 Rfe8 18.Nc3 Bxc3 19.bxc3 Nd7 20.Nxg7 Kxg7 21.Qh5 Nf8
22.c4 Qd4 23.cxd5 Qxd3 24.Bf6+ Kxf6 25.Qe5+ Kg6 26.Re3 Qf5 27.Rg3+ Kh6 28.Qe3+
Kh5 29.Rg7 Qg6 30.Rxg6 Kxg6 31.Qg3+ Kf6 32.dxe6 Nxe6 33.f4 h6 34.Qc3+ Ke7
35.f5 {#r} 1-0

[Event "12th American Continental"]
[Site "Medellin COL"]
[Date "2017.06.14"]
[Round "7.42"]
[White "Blandon Villa,D"]
[Black "Garcia,Gild"]
[Result "0-1"]
[WhiteElo "2220"]
[BlackElo "2396"]

1.e4 e5 2.Nf3 Nc6 3.Bb5 a6 4.Ba4 Nf6 5.Qe2 b5 6.Bb3 Be7 7.c3 O-O 8.d4 d5
9.exd5 e4 10.Ne5 Na5 11.Bc2 Qxd5 12.Bg5 Bf5 13.O-O c5 14.Rd1 cxd4 15.cxd4 b4
16.Nd2 Qxd4 17.Ndc4 Qc5 18.Nxa5 Qxa5 19.Nc6 Qc7 20.Nxe7+ Qxe7 21.Rd4 a5
22.Bxe4 Rae8 23.f3 Bxe4 24.fxe4 h6 25.Bxf6 Qxf6 26.Rad1 Re5 27.Qc4 Qf4 28.R1d3
Kh7 29.Rf3 Qh4 30.h3 f6 31.Kh2 Rfe8 {#R} 0-1

[Event "12th American Continental"]
[Site "Medellin COL"]
[Date "2017.06.14"]
[Round "7.44"]
[White "Madeira,W"]
[Black "Valenzuela Gomez,F"]
[Result "0-1"]
[WhiteElo "2185"]
[BlackElo "2377"]

1.e4 g6 2.d4 Bg7 3.Nc3 d6 4.g3 Nf6 5.Bg2 Nbd7 6.Nge2 O-O 7.O-O c5 8.d5 Rb8
9.a4 b6 10.Bf4 a6 11.Qd2 Re8 12.Bh6 Bh8 13.h3 b5 14.axb5 axb5 15.f4 Nb6
16.Rae1 Bb7 17.g4 b4 18.Nd1 e6 19.dxe6 Rxe6 20.Ng3 Nfd7 21.g5 Nc4 22.Qc1 Ra8
23.Kh2 Ra2 24.f5 gxf5 25.exf5 Rxe1 26.Rxe1 Bxg2 27.Kxg2 Qa8+ 28.Kh2 Qe4 29.g6
f6 30.Nf2 Qf3 31.Nge4 d5 {#R} 0-1

[Event "12th American Continental"]
[Site "Medellin COL"]
[Date "2017.06.14"]
[Round "7.45"]
[White "Lopez Gonzalez,A"]
[Black "Lora,J"]
[Result "1-0"]
[WhiteElo "2351"]
[BlackElo "2193"]

1.e4 d6 2.d4 Nf6 3.Nc3 e5 4.Nf3 Nbd7 5.Bc4 Be7 6.a4 O-O 7.O-O c6 8.h3 Qc7
9.Bg5 exd4 10.Nxd4 Nc5 11.Re1 Ne6 12.Nxe6 Bxe6 13.Bxe6 fxe6 14.e5 dxe5 15.Qe2
h6 16.Bxf6 Bxf6 17.Ne4 Rad8 18.Qg4 Qe7 19.Re3 Rd4 20.c3 Rd5 21.Rae1 Kh7 22.g3
Qf7 23.Rf3 h5 24.Ng5+ Kg6 25.Qh4 {#r} 1-0

[Event "12th American Continental"]
[Site "Medellin COL"]
[Date "2017.06.14"]
[Round "7.46"]
[White "Mateus,Mar"]
[Black "Rios,Al"]
[Result "0-1"]
[WhiteElo "2138"]
[BlackElo "2345"]

1.e4 c6 2.d4 d5 3.e5 Bf5 4.Nf3 e6 5.a3 c5 6.dxc5 Bxc5 7.b4 Bb6 8.Nbd2 Ne7
9.Bb2 O-O 10.c4 Nd7 11.Nb3 dxc4 12.Bxc4 Rc8 13.Rc1 Be4 14.O-O Bd5 15.Bd3 Rxc1
16.Nxc1 Ng6 17.Re1 Bc7 18.Bb1 Nb6 19.Nd3 Bc6 20.Nd4 Bd5 21.Nf3 Nc4 22.Bc1 Bc6
23.Qc2 b5 24.Nd2 Qh4 25.Nxc4 bxc4 26.Nf4 Bxe5 27.g3 Qg4 28.Nxg6 fxg6 29.Rxe5
Qf3 30.Kf1 Rd8 31.Bd2 {#R} 0-1

[Event "12th American Continental"]
[Site "Medellin COL"]
[Date "2017.06.14"]
[Round "7.48"]
[White "Guerrero,JuC"]
[Black "Restrepo Loaiza,Luis Fernando"]
[Result "1-0"]
[WhiteElo "2303"]
[BlackElo "2167"]

1.e4 c5 2.Nf3 d6 3.d4 Nf6 4.Nc3 cxd4 5.Nxd4 a6 6.Be3 e6 7.f3 d5 8.exd5 Nxd5
9.Nxd5 Qxd5 10.c4 Qa5+ 11.Kf2 Qc7 12.Bd3 Bc5 13.b4 Be7 14.a3 e5 15.Nf5 Bxf5
16.Bxf5 O-O 17.Qc2 g6 18.Be4 a5 19.h4 axb4 20.h5 Bc5 21.hxg6 Bxe3+ 22.Kxe3
hxg6 23.axb4 Rxa1 24.Rxa1 Qb6+ 25.Ke2 Nc6 26.Bxc6 bxc6 27.Rb1 Rd8 28.Qc3 Qa7
29.Ra1 Qd7 30.Rh1 Qe6 31.Rh4 Rd4 32.Re4 f5 33.Qxd4 fxe4 34.Qxe4 Kf7 35.g3 Qh3
36.Qxe5 Qg2+ 37.Ke3 Qg1+ 38.Kf4 Qb6 39.Qd6 {#r} 1-0

[Event "12th American Continental"]
[Site "Medellin COL"]
[Date "2017.06.14"]
[Round "7.49"]
[White "Mendoza,Raf"]
[Black "Saltos Velez,A"]
[Result "1-0"]
[WhiteElo "2293"]
[BlackElo "2099"]

1.e4 Nf6 2.d3 c5 3.Nd2 Nc6 4.Ngf3 d6 5.Be2 g6 6.O-O Bg7 7.Re1 O-O 8.Bf1 Qc7
9.c3 d5 10.h3 b6 11.a3 Rd8 12.e5 Nd7 13.d4 Nf8 14.Nb3 c4 15.Nbd2 b5 16.Nh2 a5
17.Ndf3 a4 18.Ng4 {#r} 1-0

[Event "12th American Continental"]
[Site "Medellin COL"]
[Date "2017.06.14"]
[Round "7.50"]
[White "Sanchez Castillo,S"]
[Black "Hernandez Montes,Jhon Sebastian"]
[Result "1-0"]
[WhiteElo "2154"]
[BlackElo "2292"]

1.e4 d6 2.d4 Nf6 3.Nc3 g6 4.Bg5 Bg7 5.Qd2 h6 6.Bh4 c6 7.O-O-O g5 8.Bg3 Nh5
9.Be2 Nxg3 10.hxg3 Qa5 11.Bh5 b5 12.Kb1 b4 13.Nce2 Nd7 14.Nc1 Nf6 15.f3 Be6
16.Nge2 Qb6 17.g4 c5 18.d5 Bd7 19.Qe3 a5 20.Ng3 a4 21.Rhe1 Ra7 22.e5 dxe5
23.Qxe5 O-O 24.Qe3 Qd6 25.Ne4 Nxe4 26.fxe4 Be5 27.Nd3 Ra5 28.Rf1 Bd4 29.Qf3 c4
30.Bxf7+ Kh7 31.e5 Bxe5 32.Nxe5 Qxe5 33.Rde1 Qg7 34.Rxe7 a3 35.bxa3 bxa3
36.Qf6 Qxf6 37.Rxf6 Bxg4 {#r} 1-0

[Event "12th American Continental"]
[Site "Medellin COL"]
[Date "2017.06.14"]
[Round "7.51"]
[White "Soto,Christian Camilo"]
[Black "Mosquera,M"]
[Result "0-1"]
[WhiteElo "2102"]
[BlackElo "2391"]

1.d4 Nf6 2.Nf3 g6 3.c4 Bg7 4.Nc3 d5 5.e3 O-O 6.b3 c5 7.Bb2 Nc6 8.Be2 Bg4 9.Ne5
Be6 10.O-O Qa5 11.Na4 cxd4 12.Nxc6 bxc6 13.Bxd4 dxc4 14.Nc5 Bf5 15.Bxc4 e5
16.Bxe5 Qxc5 17.Bd6 Qb6 18.Bxf8 Rxf8 19.Rc1 Ne4 20.Qe1 Rd8 21.Rd1 a5 22.Qe2
Nc3 23.Rxd8+ Qxd8 24.Qf3 Qd7 25.a3 Be5 26.e4 Bxe4 27.Qe3 Qd4 28.Qxd4 Bxd4
29.Re1 Kf8 30.Kf1 h5 31.f3 Bf5 32.Rc1 Ke7 33.g3 g5 34.Ke1 f6 35.Kd2 Nb1+
36.Ke2 Bb2 37.Re1 Bc3 38.Rc1 Bb2 39.Re1 Nxa3 40.Bd3 Be6 41.Kd2 Nb5 42.Bc4 {#R}
0-1

[Event "12th American Continental"]
[Site "Medellin COL"]
[Date "2017.06.14"]
[Round "7.52"]
[White "Quinonez Garcia,S"]
[Black "Pardo,Alejandro"]
[Result "1-0"]
[WhiteElo "2379"]
[BlackElo "2117"]

1.e4 c5 2.Nf3 d6 3.d4 cxd4 4.Qxd4 Nc6 5.Bb5 Bd7 6.Bxc6 Bxc6 7.Nc3 Nf6 8.Bg5 e6
9.O-O-O Be7 10.Qd3 Qa5 11.h4 O-O 12.Nd4 Rac8 13.f4 Rfe8 14.f5 e5 15.Nb3 Qc7
16.Bxf6 Bxf6 17.Qxd6 Qxd6 18.Rxd6 Be7 19.Rd3 b6 20.Nd5 Bf8 21.Rhd1 Bb5 22.Rc3
Red8 23.Rxc8 Rxc8 24.Nc3 Bc6 25.Rd3 h5 26.Nd2 Bc5 27.Nd5 f6 28.Rc3 Bxd5
29.exd5 Rd8 30.Rd3 Bf2 31.g3 Kf7 32.Ne4 Bg1 33.b4 g6 34.Rf3 Rg8 35.g4 Bd4
36.Kd2 Rf8 37.Kd3 Kg7 38.Nd6 Rd8 39.Nb5 gxf5 40.Rxf5 Bg1 41.Rf1 {#r} 1-0

[Event "12th American Continental"]
[Site "Medellin COL"]
[Date "2017.06.14"]
[Round "7.53"]
[White "Ramirez Gonzalez,Mauricio"]
[Black "Escobar Medina,A"]
[Result "1-0"]
[WhiteElo "2108"]
[BlackElo "2343"]

1.e4 g6 2.d4 Bg7 3.c4 d6 4.Nc3 Nf6 5.f3 O-O 6.Be3 e5 7.Nge2 exd4 8.Nxd4 Nc6
9.Qd2 Be6 10.Be2 Nd7 11.O-O Nde5 12.Nxe6 fxe6 13.f4 Nd7 14.Rad1 Rf7 15.Bg4 Qe8
16.b3 Nf6 17.Bf3 e5 18.g3 Kh8 19.Kh1 Rd8 20.Rde1 Qf8 21.f5 Re8 22.g4 Nd7
23.Nd5 Nb6 24.Bxb6 axb6 25.g5 gxf5 26.Bh5 f4 27.Qg2 Nd4 28.Qh3 Re6 29.Rd1 Rfe7
30.Nxe7 Rxe7 31.Bg6 Qg8 32.Bf5 Bf8 33.Rg1 Qg7 34.Rg4 Kg8 35.Rh4 Qh8 36.Rxd4
exd4 37.Be6+ Kg7 38.Qf5 {#r} 1-0

[Event "12th American Continental"]
[Site "Medellin COL"]
[Date "2017.06.14"]
[Round "7.55"]
[White "Blandon,L"]
[Black "Castano,Jo"]
[Result "1-0"]
[WhiteElo "2269"]
[BlackElo "2088"]

1.e4 c5 2.Nf3 d6 3.d4 cxd4 4.Nxd4 Nf6 5.Nc3 a6 6.Bg5 e6 7.f4 Qc7 8.Qf3 Nc6
9.O-O-O Bd7 10.Nxc6 bxc6 11.Bxf6 gxf6 12.f5 Rb8 13.Bc4 Qb7 14.b3 Rg8 15.Rhe1
Qb4 16.Qh3 Ke7 17.fxe6 fxe6 18.Qxh7+ Rg7 19.Qh3 Rg6 20.e5 Bh6+ 21.Kb2 Qxc4
22.Re4 Qc5 23.Qh5 Rg5 24.exd6+ Qxd6 25.Qxh6 Qc7 26.Qh7+ Kd8 27.Rxe6 {#r} 1-0

[Event "12th American Continental"]
[Site "Medellin COL"]
[Date "2017.06.14"]
[Round "7.57"]
[White "Florez,C"]
[Black "Sanchez Alvarez,Kelvin Antonio"]
[Result "1-0"]
[WhiteElo "2039"]
[BlackElo "2257"]

1.d4 g6 2.Nf3 Bg7 3.Bf4 f5 4.e3 Nf6 5.Bc4 e6 6.Nbd2 d6 7.h3 Qe7 8.c3 Nbd7
9.Qb3 Nb6 10.Bd3 h6 11.Bh2 O-O 12.e4 d5 13.exf5 exf5+ 14.Ne5 Kh7 15.O-O Ne4
16.Qc2 c5 17.Rfe1 c4 18.Bf1 Qh4 19.Ndf3 Qf6 20.b3 Be6 21.bxc4 dxc4 22.Rab1 Bd5
23.a4 Qe6 24.a5 Nc8 25.Nd2 Nxd2 26.Qxd2 Qa6 27.Qa2 b5 28.Qb2 Qxa5 29.Qxb5 Qxb5
30.Rxb5 Nb6 31.Nd7 Nxd7 32.Rxd5 Nb6 33.Rc5 Rfe8 34.Ra1 Bf8 35.Rca5 Kg8 36.Bc7
Rac8 37.Rxa7 Re6 38.R1a6 Rxc7 39.Rxc7 Nd5 40.Rxe6 {#r} 1-0

[Event "12th American Continental"]
[Site "Medellin COL"]
[Date "2017.06.14"]
[Round "7.59"]
[White "Gallego,Julian Andres"]
[Black "Del Castilho,M"]
[Result "0-1"]
[WhiteElo "2027"]
[BlackElo "2254"]

1.d4 d5 2.c4 e6 3.Nf3 Nf6 4.Nc3 Bb4 5.Bd2 O-O 6.e3 b6 7.a3 Be7 8.b4 Bb7 9.c5
bxc5 10.bxc5 Qc8 11.Ne5 Ba6 12.Bxa6 Qxa6 13.Qe2 Qxe2+ 14.Kxe2 Nfd7 15.Nd3 Nc6
16.f4 Rfb8 17.Rhb1 Rxb1 18.Rxb1 Rb8 19.Rxb8+ Ndxb8 20.Nb5 Bd8 21.Nb4 Kf8
22.Be1 Ke8 23.g4 Kd7 24.Nc2 f6 25.Nc3 Ne7 26.Bd2 Nbc6 27.Kd3 e5 28.h4 e4+ {#R}
0-1

[Event "12th American Continental"]
[Site "Medellin COL"]
[Date "2017.06.14"]
[Round "7.61"]
[White "Solano Cuya,Bryan"]
[Black "Gonzalez,Eleicer"]
[Result "1-0"]
[WhiteElo "2246"]
[BlackElo "2078"]

1.d4 Nf6 2.Nc3 d6 3.Bg5 c6 4.e4 h6 5.Bh4 Qa5 6.Qd2 e5 7.Nf3 Be7 8.Be2 O-O
9.O-O exd4 10.Nd5 Qd8 11.Nxe7+ Qxe7 12.Qxd4 Bg4 13.Bxf6 Qxf6 14.e5 Qe6 15.Qxd6
Nd7 16.Qxe6 fxe6 17.Rfe1 Bxf3 18.Bxf3 Rf5 19.Bg4 g6 20.Bxf5 gxf5 21.Rad1 Nb6
22.b3 Kf7 23.Re3 a5 24.Rh3 Rh8 25.c4 Ke7 26.Rd4 Nd7 27.Rdh4 Nxe5 28.Rxh6 Rd8
29.Rh7+ Kf6 30.R3h6+ Ng6 31.h4 Rd1+ 32.Kh2 Rd4 33.h5 Rh4+ 34.Kg1 {#r} 1-0

[Event "12th American Continental"]
[Site "Medellin COL"]
[Date "2017.06.14"]
[Round "7.63"]
[White "Markzon,G"]
[Black "Torres Rojas,Y"]
[Result "1-0"]
[WhiteElo "2222"]
[BlackElo "2022"]

1.d4 d5 2.c4 Nf6 3.Nf3 e6 4.g3 c6 5.Nbd2 Nbd7 6.Bg2 Bd6 7.O-O O-O 8.b3 a6
9.Bb2 b5 10.Ne5 Bb7 11.e4 dxc4 12.Nxd7 Nxd7 13.e5 Be7 14.bxc4 Nb6 15.c5 Nd5
16.Ne4 a5 17.Re1 b4 18.Qg4 a4 19.Bc1 Kh8 20.h4 Ba6 21.Bg5 Bd3 22.Nd6 Bxg5
23.hxg5 Rb8 24.Be4 Bxe4 25.Rxe4 b3 26.axb3 axb3 27.Qf3 b2 28.Rb1 Kg8 29.Rg4
Qa5 30.Ne4 Qa2 31.Qd3 Rb3 32.Qc2 Nb4 33.Nf6+ gxf6 34.gxf6+ Kh8 35.Qe4 Nd3
36.Rg7 Qxb1+ 37.Kh2 Qh1+ 38.Qxh1 b1=Q 39.Qe4 {#r} 1-0

[Event "12th American Continental"]
[Site "Medellin COL"]
[Date "2017.06.14"]
[Round "7.64"]
[White "Gomez Barrero,S"]
[Black "Castrillon Gomez,M"]
[Result "0-1"]
[WhiteElo "2023"]
[BlackElo "2210"]

1.e4 c5 2.Nc3 d6 3.Nf3 Nc6 4.d4 cxd4 5.Nxd4 e5 6.Nb3 Be6 7.Be3 Nf6 8.Be2 Be7
9.Bf3 O-O 10.g4 Nd7 11.Nd5 Bxd5 12.exd5 Nb4 13.a3 Na6 14.Nd2 Bg5 15.Qe2 Bxe3
16.Qxe3 Rc8 17.c3 Qb6 18.Qxb6 Nxb6 19.O-O-O Nc5 20.Kc2 Rc7 21.b3 a5 22.Ne4
Nxe4 23.Bxe4 Rfc8 24.Rd3 g6 25.a4 Nd7 26.f3 b5 27.axb5 Rb8 28.Ra1 Rxb5 29.c4
Rbc5 30.Kb2 Rb7 31.Rc3 Rb4 32.Rac1 Nb6 {#R} 0-1